[Event "Thompson Memorial op U1600"]
[Site "Dallas"]
[Date "2001.09.16"]
[Round "5"]
[White "Webb, T Blaine"]
[Black "Ryglewicz, Josef F"]
[Result "1/2-1/2"]
[WhiteElo "1502"]
[BlackElo "1507"]
[PlyCount "111"]
[EventDate "2001.09.14"]
[EventType "swiss"]
[EventRounds "5"]
[EventCountry "USA"]
[SourceTitle "EXT 2005"]
[Source "ChessBase"]
[SourceDate "2004.11.15"]
[SourceVersion "1"]
[SourceVersionDate "2004.11.15"]
[SourceQuality "1"]

1. e4 c5 2. Nf3 Nc6 3. d4 cxd4 4. Nxd4 Nf6 5. Nc3 e5 6. Ndb5 d6 7. Be3 a6 8. Na3 b5 9. Nd5 Nxd5 10. exd5 Ne7 11. c4 bxc4 12. Nxc4 Nf5 13. Qd3 Nxe3 14. Qxe3 Be7 15. Qb6 Qd7 16. Qb3 Ra7 17. Nb6 Qc7 18. Nxc8 Qxc8 19. Qb6 Rc7 20. Rd1 0-0 21. Bxa6 Qb8 22. Qxb8 Rxb8 23. b3 Ra8 24. Bc4 Rxa2 25. 0-0 e4 26. Ra1 Rca7 27. Rxa2 Rxa2 28. Rb1 Bd8 29. Kf1 Bb6 30. Be2 g6 31. b4 f5 32. g3 Kg7 33. Rd1 Kf6 34. Rc1 Ke5 35. Rc6 Bd4 36. b5 Rb2 37. Rc7 h5 38. Rg7 Kf6 39. Rg8 Kf7 40. Rb8 Bc5 41. Rc8 Kf6 42. Rb8 Rb1+ 43. Kg2 Rb2 44. Kf1 Ke5 45. Rg8 Kf6 46. Rb8 Rb1+ 47. Kg2 Rb2 48. Kf1 Ke5 49. Rg8 Kf6 50. Rb8 Rb1+ 51. Kg2 Rb2 52. Kf1 Rb1+ 53. Kg2 Rb2 54. Kf1 Rb1+ 55. Kg2 Rb2 56. Kf1 1/2-1/2

[Event "Dallas CC Grand Prix3 U1800"]
[Site "Dallas"]
[Date "2001.07.14"]
[Round "2"]
[White "Webb, T Blaine"]
[Black "Chin, Ming T"]
[Result "0-1"]
[WhiteElo "1504"]
[BlackElo "1764"]
[PlyCount "86"]
[EventDate "2001.07.14"]
[EventType "swiss"]
[EventRounds "5"]
[EventCountry "USA"]
[SourceTitle "EXT 2005"]
[Source "ChessBase"]
[SourceDate "2004.11.15"]
[SourceVersion "1"]
[SourceVersionDate "2004.11.15"]
[SourceQuality "1"]

1. e4 e6 2. d4 d5 3. exd5 exd5 4. Nf3 Nf6 5. Be2 Bd6 6. Nc3 c6 7. Be3 0-0 8. Qd2 Bg4 9. h3 Bxf3 10. Bxf3 Re8 11. 0-0-0 b5 12. g4 b4 13. Nb1 Nbd7 14. Qd3 Qa5 15. Qb3 Nb6 16. Rhg1 Nc4 17. g5 Ne4 18. Rg4 Nxe3 19. fxe3 Nf2 20. Rf1 Nxg4 21. hxg4 Qc7 22. Nd2 a5 23. e4 a4 24. Qd3 Bf4 25. exd5 Re3 26. Qf5 Rae8 27. Kd1 Qe7 28. Ne4 Rxe4 29. Bxe4 Qxe4 30. Qxf4 Qxf4 31. Rxf4 cxd5 32. Rf5 Rd8 33. Kd2 Kf8 34. a3 bxa3 35. bxa3 Ke7 36. Kc3 Rc8+ 37. Kb4 Rc4+ 38. Kb5 Rxd4 39. Kc5 Rc4+ 40. Kb5 Ke6 41. Rf3 Rxg4 42. Rc3 Rxg5 43. Kxa4 h5 0-1